00382nam a2200133 a 4500008004100000040002500041100002300066245005600089260006500145300001200210020000700222044001100229041000800240970412s1969||||xx 0 und c aSNKbslocSNKeAACR21 aHrabovský, Jozef10aLatinsko slovenský slovník slovensko latinský aBratislavabSlovenské pedagogické nakladateľstvoc1969 a1316 s. c48 axocSK aslo